| 000 | 01042nam a2200325 i 4500 | ||
|---|---|---|---|
| 999 |
_c200429926 _d47852 |
||
| 001 | 200429926 | ||
| 003 | TR-AnTOB | ||
| 005 | 20190408221550.0 | ||
| 007 | ta | ||
| 008 | 180619s2018 tu a g 001 0 tur d | ||
| 040 |
_aTR-AnTOB _beng _erda _cTR-AnTOB _dTR-AnTOB |
||
| 041 | 0 | _atur | |
| 050 | 0 | 0 | _aDS62.9 |
| 090 |
_aDS62.9 _b.K674 2018 |
||
| 100 | 1 |
_aKöse, İsmail _4author _9111846 |
|
| 245 | 1 | 0 |
_aArap isyanı / _cİsmail Köse. |
| 246 | 3 | 0 | _aİngiliz arşiv belgelerinde Arap isyanı |
| 250 |
_a1. Baskı _bŞubat 2018, İstanbul |
||
| 264 | 1 |
_aİstanbul : _bKronik, _c2018. |
|
| 300 |
_a451 pages ; _c20 cm. |
||
| 336 |
_2rdacontent _atext |
||
| 337 |
_2rdamedia _aunmediated |
||
| 338 |
_2rdacarrier _avolume |
||
| 490 | 0 |
_aKronik Kitap ; _v49 _aOsmanlı tarihi dizisi ; _v18 |
|
| 504 | _aIncludes bibliographical references (429-433) and index. | ||
| 590 | _aDonated by Ahmet Yaşar Ocak | ||
| 651 | 7 |
_aArap ülkeleri _xTarih _yArap İsyanı, 1916-1918 _2etuturkob _9120432 |
|
| 942 |
_2lcc _cBK |
||